| 000 | 00369nam a22001577a 4500 | ||
|---|---|---|---|
| 003 | OSt | ||
| 005 | 20211026152550.0 | ||
| 008 | 211026b |||||||| |||| 00| 0 eng d | ||
| 020 | _a033391984 | ||
| 040 |
_aHU _cDDC |
||
| 082 | _a361.61 | ||
| 245 | _aENNVIRONMENT AND WELFARE | ||
| 260 |
_aMACRMILLAN _bPALGRAVE _c2002 |
||
| 300 | _aXII,224P18CM | ||
| 942 |
_2ddc _cBOOKS _n0 |
||
| 999 |
_c15059 _d15059 |
||